MARC

LEADER 00000nam0a2200000 4500
001 349977
005 20231102010245.0
035 |a (RuTPU)RU\TPU\retro\3366 
090 |a 349977 
100 |a 20181022d1945 km y0rusy50 ca 
101 0 |a rus 
102 |a RU 
105 |a a z 001zy 
200 1 |a Новые данные по физической географии Восточной Монголии  |e [оттиск статьи]  |f В. А. Обручев 
210 |d 1945 
215 |a с. 21-26 
225 1 |a Природа  |h № 5 
316 |5 63413507: ШкА/2456  |a На с. 21 штамп-оттиск "От автора" 
317 |5 63413507: ШкА/2456  |a Поступила в НТБ в составе книжного собрания В. А. Обручева 
320 |a Библиогр. в конце текста 
606 1 |a География физическая  |2 stltpush  |3 (RuTPU)RU\TPU\subj\5940  |9 33922 
606 1 |a Геология  |y Монголия  |2 stltpush  |3 (RuTPU)RU\TPU\subj\76281  |9 87528 
610 1 |a географическая картография 
610 1 |a геологические исследования 
610 1 |a полезные ископаемые 
610 1 |a месторождения 
610 1 |a геолого-геофизическая изученность 
610 1 |a оттиски 
610 1 |a владельческие знаки 
610 1 |a коллекция В. А. Обручева 
675 |a 911.2  |v 4 
675 |a 55(517)  |v 3 
700 1 |a Обручев  |b В. А.  |c российский геолог  |c профессор Томского технологического института  |c исследователь Сибири, Центральной и Средней Азии  |c географ  |f 1863-1956  |g Владимир Афанасьевич  |2 stltpush  |3 (RuTPU)RU\TPU\pers\996 
801 1 |a RU  |b 63413507  |c 20181022 
801 2 |a RU  |b 63413507  |c 20181112  |g RCR 
942 |c BK